5HLuxD.jpg

KING HENRY VIII SENIOR AND PRIMARY SCHOOL LIBRARY OPAC

Football : (Record no. 2758)

000 -LEADER
fixed length control field 01210pam a2200373 i 4500
001 - CONTROL NUMBER
control field 021238839
003 - CONTROL NUMBER IDENTIFIER
control field UkOxU
005 - DATE AND TIME OF LATEST TRANSACTION
control field 20230818155227.0
008 - FIXED-LENGTH DATA ELEMENTS--GENERAL INFORMATION
fixed length control field 161104r20172009enka 000|0 eng d
020 ## - INTERNATIONAL STANDARD BOOK NUMBER
International Standard Book Number 9780194022941
Qualifying information paperback
020 ## - INTERNATIONAL STANDARD BOOK NUMBER
International Standard Book Number 0194022943
Qualifying information paperback
035 ## - SYSTEM CONTROL NUMBER
System control number (UK-WkNB)9780194022941
035 ## - SYSTEM CONTROL NUMBER
System control number (StEdALDL)1/3630796
040 ## - CATALOGING SOURCE
Original cataloging agency UK-WkNB
Language of cataloging eng
Description conventions rda
Transcribing agency UK-WkNB
Modifying agency UkOxU
-- KH8
042 ## - AUTHENTICATION CODE
Authentication code ukscp
082 04 - DEWEY DECIMAL CLASSIFICATION NUMBER
Classification number 796.334 FLI
100 1# - MAIN ENTRY--PERSONAL NAME
Personal name Flinders, Steve,
Relator term author.
240 10 - UNIFORM TITLE
Uniform title Beautiful game
245 10 - TITLE STATEMENT
Title Football :
Remainder of title the beautiful game /
Statement of responsibility, etc. Steve Flinders.
264 #1 - PRODUCTION, PUBLICATION, DISTRIBUTION, MANUFACTURE, AND COPYRIGHT NOTICE
Place of production, publication, distribution, manufacture Oxford :
Name of producer, publisher, distributor, manufacturer Oxford University Press,
Date of production, publication, distribution, manufacture, or copyright notice [2017]
264 #4 - PRODUCTION, PUBLICATION, DISTRIBUTION, MANUFACTURE, AND COPYRIGHT NOTICE
Date of production, publication, distribution, manufacture, or copyright notice ©2009
300 ## - PHYSICAL DESCRIPTION
Extent 56 pages :
Other physical details colour illustrations ;
Dimensions 22 cm.
336 ## - CONTENT TYPE
Content type term text
Source rdacontent
336 ## - CONTENT TYPE
Content type term still image
Source rdacontent
337 ## - MEDIA TYPE
Media type term unmediated
Source rdamedia
338 ## - CARRIER TYPE
Carrier type term volume
Source rdacarrier
366 ## - TRADE AVAILABILITY INFORMATION
Detailed date of publication 20171026
Availability status code IP
ISO country code GB
MARC country code xxk
Source of availability status code UK-WkNB
490 1# - SERIES STATEMENT
Series statement Oxford bookworms library. Factfiles. Stage 2
500 ## - GENERAL NOTE
General note Publication date from bookseller's website.
500 ## - GENERAL NOTE
General note First published as: The beautiful game. 2009.
650 #0 - SUBJECT ADDED ENTRY--TOPICAL TERM
Topical term or geographic name entry element Readers
General subdivision Soccer.
830 #0 - SERIES ADDED ENTRY--UNIFORM TITLE
Uniform title Oxford bookworms library.
Name of part/section of a work Factfiles.
Number of part/section of a work Stage 2.
942 ## - ADDED ENTRY ELEMENTS (KOHA)
Source of classification or shelving scheme
Koha item type Teaching Resources
Holdings
Withdrawn status Lost status Source of classification or shelving scheme Damaged status Not for loan Collection code Permanent Location Current Location Shelving location Date acquired Total Checkouts Full call number Barcode Date due Date last seen Date last checked out Price effective from Koha item type
          Teaching Resources KH8 Senior School Library KH8 Senior School Library Staff Office 2023-08-18 3 796.334 FLI TRKHSL002140 2026-07-03 2025-08-20 2025-08-20 2023-08-18 Teaching Resources

Powered By KH8 IT Dept